Statistiken für Fc Bayern München Kader 2023 / 2024

Klicken Sie hier um das Quiz zu spielen!

Allgemein

  • Dieses Quiz wurde 120 mal gespielt
  • Das Durchschnittsergebnis liegt bei 14 aus 28

Antwortstatistiken

TrikotnummerSpielername% Korrekt
1Manuel Neuer
99%
TrainerThomas Tuchel
88%
9Harry Kane
84%
6Joshua Kimmich
82%
25Thomas Müller
82%
8Leon Goretzka
80%
10Leroy Sané
78%
7Serge Gnabry
77%
42Jamal Musiala
72%
2Dayot Upamecano
64%
19Alphonso Davies
61%
11Kingsley Coman
59%
26Sven Ulreich
59%
4Matthijs de Ligt
51%
3Min-jae-Kim
48%
39Mathys Tel
47%
27Konrad Laimer
45%
13Eric Maxim Choupo-Moting
41%
15Eric Dier
40%
22Raphaël Guerreiro
36%
20Bouna Sarr
28%
18Daniel Peretz
25%
45Aleksandar Pavlović
24%
40Noussair Mazraoui
22%
23Sacha Boey
21%
17Bryan Zaragoza
20%
28Tarek Buchmann
10%
43Tom Hülsmann
7%

Verteilung der Resultate

Perzentil nach korrekt beantworteten Fragen

Anzahl Personen mit jedem Resultat

Ihre Resultats-Entwicklung

Sie haben dieses Quiz noch nicht gespielt